Statistics for Popular Swiss dishes by picture

Click here to take the quiz!

General Stats

  • This quiz has been taken 47 times
  • The average score is 6 of 15

Answer Stats

Answer% Correct
Fondue
95%
Birchermuesli
76%
Raclette
76%
Zopf
62%
Rösti
60%
Cervelat
45%
Vermicelles
45%
Bündner Nusstorte
36%
Älplermagronen
21%
Wähe
21%
Bündner Gerstensuppe
19%
Polenta
19%
Capuns
17%
Tirggel
17%
Bündnerfleisch
7%

Score Distribution

Percentile by Number Answered

Percent of People with Each Score

Your Score History

You have not taken this quiz